000 00529nam a2200169Ia 4500
008 090201s9999 xx 000 0 und d
010 _aKPL-49760
040 _bमराठी
041 _aमराठी
082 _a9224
_b49760
100 _aगो ना दातार
245 _aविलास मंदिर
_cगो ना दातार
260 _c2004
_bश्रीराम बुक एजन्सी
300 _a480
_bमोठा
600 _aविलास मंदिर
942 _cBOOK
999 _c209749
_d209749